|
|
|
|
| LEADER |
02561cam a2200553 i 4500 |
| 001 |
nkc20193132167 |
| 003 |
CZ PrNK |
| 005 |
20240911083737.0 |
| 007 |
ta |
| 008 |
190909s2019 xr a b 000 j cze d |
| 015 |
|
|
|a cnb003132167
|
| 020 |
|
|
|a 978-80-7585-722-4
|q (vázáno)
|
| 035 |
|
|
|a (OCoLC)1127257899
|
| 040 |
|
|
|a KLG001
|b cze
|d ABG001
|e rda
|
| 041 |
1 |
|
|a cze
|h ger
|
| 072 |
|
7 |
|a 821.112.2-3
|x Německá próza, německy psaná
|2 Konspekt
|9 25
|
| 072 |
|
7 |
|a 821-93
|x Literatura pro děti a mládež (beletrie)
|2 Konspekt
|9 26
|
| 080 |
|
|
|a 821.112.2-32
|2 MRF
|
| 080 |
|
|
|a 821-93
|2 MRF
|
| 080 |
|
|
|a (0:82-32)
|2 MRF
|
| 100 |
1 |
|
|a Habersack, Charlotte,
|d 1966-
|7 ola2010548502
|4 aut
|
| 240 |
1 |
0 |
|a Bissig!.
|l Česky
|
| 245 |
1 |
0 |
|a Neotvírat!!!.
|p Kouše! /
|c Charlotte Habersack ; ilustrace Fréderic Bertrand ; z německého originálu Bitte nicht öffnen! Bissig! přeložila Iva Zündorf
|
| 246 |
3 |
0 |
|a Kouše!
|
| 246 |
3 |
0 |
|a Neotvírat!!! Kouše!
|
| 264 |
|
1 |
|a Praha :
|b Dobrovský s.r.o.,
|c 2019
|
| 300 |
|
|
|a 209 stran :
|b ilustrace ;
|c 21 cm
|
| 336 |
|
|
|a text
|b txt
|2 rdacontent
|
| 337 |
|
|
|a bez média
|b n
|2 rdamedia
|
| 338 |
|
|
|a svazek
|b nc
|2 rdacarrier
|
| 490 |
1 |
|
|a Drobek
|
| 500 |
|
|
|a Na hřbetu číslo svazku v sérii: 1
|
| 500 |
|
|
|a Na obálce výřez s obrázkem Yettiho oka
|
| 520 |
2 |
|
|a Humorný příběh tří kamarádů, kterým jednoho dne přijde poštou krabice a v ní (zatím) malý Yetti.
|b Prázdniny se blíží jen pomalu, všude je hrozné horko a Nemo se nudí. Když mu ale pošťák doručí balíček s výhružným nápisem Neotvírat!!! Kouše!, nuda skončí. A Nemovi i jeho kamarádům Bédovi a Otce začíná být čím dál větší horko, i když venku překvapivě v polovině června sněží a mrzne. V balíčku se totiž skrývá plyšová postavička Yettiho, která ale po svém osvobození nejenže mluví, ale také nezadržitelně roste.
|
| 655 |
|
7 |
|a německé příběhy
|7 fd132944
|2 czenas
|
| 655 |
|
7 |
|a publikace pro děti
|7 fd133156
|2 czenas
|
| 655 |
|
9 |
|a German stories
|2 eczenas
|
| 655 |
|
9 |
|a children's literature
|2 eczenas
|
| 700 |
1 |
|
|a Bertrand, Fréderic,
|d 1981-
|7 ola2015871441
|4 ill
|
| 700 |
1 |
|
|a Zündorf, Iva,
|d 1962-
|7 jn20001227745
|4 trl
|
| 765 |
0 |
|
|t Bitte nicht öffnen!
|9 Česky
|
| 787 |
0 |
8 |
|i Z cyklu:
|t Neotvírat!
|g 1
|
| 830 |
|
0 |
|a Drobek
|0 s
|
| 910 |
2 |
|
|a BOA001
|b 2-1435.150
|
| 920 |
|
|
|a 4496282
|z ABG001
|
| 990 |
|
|
|a BK
|
| 995 |
|
|
|a 01
|
| 991 |
|
|
|b 201909
|c NOV
|
| 996 |
6 |
|
|b 2610795195
|c 2-1435.150
|l MZK
|r Sklad / do 1 hodiny
|n 3
|p p.v.
|w 001754813
|u 000010
|a 1
|e BOA001
|j MZK50
|s P
|